[Event "CAN-op U1800"]
[Site "Sault Ste Marie CAN"]
[Date "2017.07.14"]
[Round "7.34"]
[White "Supsup, Ferdinand"]
[Black "Zhao, Jeffrey Renfei"]
[Result "0-1"]
[WhiteElo "1739"]
[BlackElo "1525"]
[WhiteFideId "-1"]
[WhiteFideId "-1"]
[PlyCount "92"]
[GameId "2160767908344169"]
[EventDate "2017.07.08"]
[EventType "swiss"]
[EventRounds "9"]
[EventCountry "CAN"]
[SourceTitle "hb 2017"]

1. e4 e5 2. Nf3 Nc6 3. d4 exd4 4. Nxd4 Bc5 5. Nb3 Bb6 6. Nc3 Nf6 7. Bg5 h6 8. Bh4 d6 9. Qe2 Be6 10. O-O-O g5 11. Bg3 Qe7 12. Kb1 O-O-O 13. f3 Nd7 14. Na4 f5 15. Nxb6+ Nxb6 16. Nd4 Nxd4 17. Rxd4 Qf6 18. Qd2 f4 19. Bf2 Kb8 20. b3 d5 21. exd5 Bxd5 22. Rd3 Qe7 23. Bxb6 axb6 24. Rxd5 Rxd5 25. Qxd5 Rd8 26. Qe4 Rd1+ 27. Kb2 Qf6+ 28. Ka3 Ra1 29. Qd3 Qe7+ 30. Kb2 Qe1 31. Ka3 Qa5+ 32. Kb2 Rxa2+ 33. Kb1 Ra1+ 34. Kb2 Re1 35. b4 Qa1+ 36. Kb3 Re3 37. g3 Rxd3+ 38. cxd3 Qd1+ 39. Kc3 Qxf3 40. Rg1 Qf2 41. Rh1 f3 42. Bh3 h5 43. Kc4 g4 44. Bf1 Qe3 45. Kc3 f2 46. Kc2 Qf3 0-1

[Event "CAN-op U1800"]
[Site "Sault Ste Marie CAN"]
[Date "2017.07.14"]
[Round "7.35"]
[White "Crnilovic, Grisha"]
[Black "Wang, Kai"]
[Result "0-1"]
[WhiteElo "1617"]
[BlackElo "1679"]
[WhiteFideId "-1"]
[WhiteFideId "-1"]
[PlyCount "76"]
[GameId "2160767908344170"]
[EventDate "2017.07.08"]
[EventType "swiss"]
[EventRounds "9"]
[EventCountry "CAN"]
[SourceTitle "EXT 2022"]
[Source "ChessBase"]
[SourceDate "2021.10.06"]
[SourceVersion "1"]
[SourceVersionDate "2021.10.06"]
[SourceQuality "1"]

1. e4 c5 2. Nf3 d6 3. d4 cxd4 4. Nxd4 Nf6 5. Nc3 g6 6. Bc4 a6 7. Be3 Ng4 8. Bg5 h6 9. Bh4 Bg7 10. h3 Ne5 11. Bb3 O-O 12. f4 Nec6 13. Nxc6 bxc6 14. Qd3 Nd7 15. Qg3 Kh7 16. Qe3 Nc5 17. Bc4 Qb6 18. Bb3 Ra7 19. O-O Nxb3 20. Qxb6 Bd4+ 21. Bf2 Bxb6 22. Bxb6 Nxa1 23. Bxa7 Nxc2 24. Rf2 Nb4 25. a3 Nd3 26. Rf3 Nxb2 27. Bf2 Bd7 28. Ne2 Rb8 29. g4 Nc4 30. f5 gxf5 31. exf5 a5 32. Rc3 Rb1+ 33. Kg2 Nb6 34. Nd4 c5 35. Rb3 Rxb3 36. Nxb3 Nc4 37. Nxc5 dxc5 38. Bxc5 e6 0-1

[Event "CAN-op U1800"]
[Site "Sault Ste Marie CAN"]
[Date "2017.07.14"]
[Round "7.37"]
[White "Kuttner, Amos"]
[Black "Sadler, Craig"]
[Result "1/2-1/2"]
[WhiteElo "1706"]
[BlackElo "1642"]
[WhiteFideId "-1"]
[WhiteFideId "-1"]
[PlyCount "85"]
[GameId "2160767908344171"]
[EventDate "2017.07.08"]
[EventType "swiss"]
[EventRounds "9"]
[EventCountry "CAN"]
[SourceTitle "hb 2017"]

1. e4 c6 2. d4 d5 3. e5 Bf5 4. Nf3 e6 5. Nbd2 Nd7 6. a3 c5 7. c3 Ne7 8. Nh4 Bg6 9. Nxg6 Nxg6 10. Nf3 cxd4 11. cxd4 Be7 12. Bd3 O-O 13. O-O Rc8 14. Re1 Re8 15. g3 a6 16. Bd2 b5 17. a4 Qb6 18. axb5 axb5 19. Qe2 b4 20. Bb5 Red8 21. Rec1 Rb8 22. Bd3 Ra8 23. Bb5 Rab8 24. Ba4 f6 25. Rc6 Qb7 26. Rxe6 Nb6 27. exf6 Bxf6 28. Bb3 Nf8 29. Re3 Nc4 30. Bxc4 dxc4 31. Qxc4+ Kh8 32. Ne5 Bxe5 33. Rxe5 Qf3 34. Ra7 Ng6 35. Re1 Re8 36. Rxe8+ Rxe8 37. Be3 Qd1+ 38. Qf1 Qc2 39. Qa1 h6 40. d5 Qd3 41. Qa4 Qb1+ 42. Kg2 Qe4+ 43. Kg1 1/2-1/2

[Event "CAN-op U1800"]
[Site "Sault Ste Marie CAN"]
[Date "2017.07.14"]
[Round "7.38"]
[White "Inkpen, Wane"]
[Black "Dagan, Alfred"]
[Result "0-1"]
[WhiteElo "1696"]
[BlackElo "1727"]
[WhiteFideId "-1"]
[WhiteFideId "-1"]
[PlyCount "110"]
[GameId "2160767908344172"]
[EventDate "2017.07.08"]
[EventType "swiss"]
[EventRounds "9"]
[EventCountry "CAN"]
[SourceTitle "hb 2017"]

1. d4 Nf6 2. Nf3 g6 3. Nc3 Bg7 4. e4 d6 5. Be3 O-O 6. Qd2 Re8 7. O-O-O Bd7 8. h3 c6 9. Bd3 b5 10. Rdf1 Qa5 11. Kb1 Be6 12. b3 Rc8 13. Nd5 Qxd2 14. Nxf6+ Bxf6 15. Bxd2 a5 16. Bg5 a4 17. Bxf6 exf6 18. Nd2 axb3 19. axb3 Na6 20. c3 d5 21. Kb2 b4 22. c4 Nc7 23. Ra1 Rab8 24. Ra7 Ne8 25. exd5 cxd5 26. c5 Ng7 27. g4 f5 28. f3 fxg4 29. fxg4 h5 30. Rg1 hxg4 31. hxg4 Re8 32. Nf3 Bc8 33. Ne5 Rb7 34. Rxb7 Bxb7 35. Rf1 Re7 36. c6 Bc8 37. Ra1 Kh7 38. Ra4 Kh6 39. Rxb4 f6 40. Nxg6 Re3 41. Nf4 Kg5 42. Nxd5 Rxd3 43. Nb6 Bxg4 44. c7 Ne8 45. c8=Q Bxc8 46. Nxc8 f5 47. Kc2 Rh3 48. Rb7 f4 49. Re7 Nf6 50. d5 Rh2+ 51. Kd3 Rh3+ 52. Kc4 Rh1 53. Nb6 f3 54. Kd4 f2 55. Rg7+ Kh6 0-1

[Event "CAN-op U1800"]
[Site "Sault Ste Marie CAN"]
[Date "2017.07.14"]
[Round "7.39"]
[White "Armstrong, Robert J"]
[Black "Belanger, Robin"]
[Result "0-1"]
[WhiteElo "1503"]
[BlackElo "1439"]
[WhiteFideId "-1"]
[WhiteFideId "-1"]
[PlyCount "110"]
[GameId "2160767908344173"]
[EventDate "2017.07.08"]
[EventType "swiss"]
[EventRounds "9"]
[EventCountry "CAN"]
[SourceTitle "hb 2017"]

1. d4 Nf6 2. c4 g6 3. Nc3 Bg7 4. e4 d6 5. f3 O-O 6. Be3 Na6 7. Nge2 c5 8. d5 Nc7 9. g4 a6 10. a4 e6 11. Ng3 exd5 12. cxd5 Re8 13. Qd2 Nd7 14. h4 Ne5 15. Be2 Qf6 16. Nf5 gxf5 17. Bg5 Nxf3+ 18. Bxf3 Qd4 19. gxf5 Bxf5 20. Be3 Qxd2+ 21. Kxd2 Bd7 22. Rag1 Kh8 23. h5 h6 24. Rg2 Rg8 25. Rhg1 Raf8 26. Bf4 Ne8 27. a5 f5 28. Rg6 Rf6 29. Ke1 Rxg6 30. Rxg6 Bxc3+ 31. bxc3 Rxg6 32. hxg6 Kg7 33. e5 dxe5 34. Bxe5+ Kxg6 35. d6 Nf6 36. Bxb7 Bb5 37. Bc8 Nd7 38. c4 Bc6 39. Bf4 Nb8 40. Be3 Bd7 41. Bb7 Be6 42. Bxc5 Bxc4 43. Bc8 Bb5 44. Be6 Nd7 45. Be3 Kf6 46. Bd5 Ke5 47. Bf7 Kxd6 48. Bxh6 Ne5 49. Bf4 Ke7 50. Kd1 Nd3 51. Bg6 Kf6 52. Bxf5 Kxf5 53. Bc7 Ke4 54. Kc2 Nb4+ 55. Kc3 Nd5+ 0-1

[Event "CAN-op U1800"]
[Site "Sault Ste Marie CAN"]
[Date "2017.07.14"]
[Round "7.40"]
[White "Sharma, Vishruth"]
[Black "Kilroy, Evan"]
[Result "1/2-1/2"]
[WhiteElo "1719"]
[BlackElo "1592"]
[WhiteFideId "-1"]
[WhiteFideId "-1"]
[PlyCount "50"]
[GameId "2160767908344174"]
[EventDate "2017.07.08"]
[EventType "swiss"]
[EventRounds "9"]
[EventCountry "CAN"]
[SourceTitle "hb 2017"]

1. e4 e5 2. Nf3 Nc6 3. d4 exd4 4. Nxd4 Bc5 5. Be3 Qf6 6. c3 Nge7 7. Bc4 O-O 8. O-O a6 9. Nxc6 Qxc6 10. Bxc5 Qxc5 11. Qd4 Qxd4 12. cxd4 d5 13. exd5 Rd8 14. Re1 Kf8 15. Nc3 b5 16. Bb3 Bb7 17. Re5 b4 18. Na4 Bxd5 19. Rd1 Bxb3 20. axb3 Nc6 21. Re4 Rd5 22. Nc5 a5 23. f3 Rad8 24. Nb7 Rxd4 25. Rexd4 Rxd4 1/2-1/2

[Event "CAN-op U1800"]
[Site "Sault Ste Marie CAN"]
[Date "2017.07.14"]
[Round "7.41"]
[White "Toussaint, Claude"]
[Black "Konovalenko, Nicholas"]
[Result "0-1"]
[WhiteElo "1516"]
[BlackElo "1706"]
[WhiteFideId "-1"]
[WhiteFideId "-1"]
[PlyCount "92"]
[GameId "2160767908344175"]
[EventDate "2017.07.08"]
[EventType "swiss"]
[EventRounds "9"]
[EventCountry "CAN"]
[SourceTitle "hb 2017"]

1. e4 c5 2. Nf3 Nc6 3. d4 cxd4 4. Nxd4 g6 5. Nc3 Nf6 6. Be3 Bg7 7. Bc4 d6 8. f3 O-O 9. Qd2 Bd7 10. O-O-O Nxd4 11. Bxd4 Qa5 12. Kb1 Rfc8 13. Bb3 b5 14. Nd5 Qxd2 15. Rxd2 Nxd5 16. Bxd5 Bc6 17. Bxg7 Kxg7 18. Re1 f6 19. h4 Bxd5 20. Rxd5 a6 21. f4 Rc7 22. a3 Rac8 23. c3 Rc5 24. g4 Rxd5 25. exd5 Kf7 26. Re4 f5 27. gxf5 gxf5 28. Rd4 Rc4 29. Rd2 Rxf4 30. Rh2 h5 31. Kc2 Kf6 32. Kd3 Ke5 33. Ke3 Re4+ 34. Kf3 Kxd5 35. Rd2+ Ke5 36. Kg3 a5 37. Rf2 b4 38. axb4 axb4 39. Rf3 f4+ 40. Kf2 Re3 41. cxb4 Rxf3+ 42. Kxf3 Kd4 43. Kxf4 e5+ 44. Kf5 Kc4 45. Kg5 e4 46. Kf4 d5 0-1

[Event "CAN-op U1800"]
[Site "Sault Ste Marie CAN"]
[Date "2017.07.14"]
[Round "7.42"]
[White "MacInnis, Jamie"]
[Black "Faust, Steven"]
[Result "0-1"]
[WhiteElo "1691"]
[BlackElo "1602"]
[WhiteFideId "-1"]
[WhiteFideId "-1"]
[PlyCount "80"]
[GameId "2160767908344176"]
[EventDate "2017.07.08"]
[EventType "swiss"]
[EventRounds "9"]
[EventCountry "CAN"]
[SourceTitle "hb 2017"]

1. e4 e6 2. d3 d5 3. Nd2 c5 4. Ngf3 Nc6 5. g3 g6 6. Bg2 Bg7 7. O-O Nge7 8. Re1 O-O 9. exd5 exd5 10. Nf1 Bg4 11. Ne3 Bxf3 12. Qxf3 Nd4 13. Qd1 Qd7 14. Ng4 Ne6 15. c3 h5 16. Ne5 Qc7 17. Nxf7 Kxf7 18. Bh3 Nf5 19. Bxf5 Rae8 20. Bh3 Qd6 21. Qa4 a6 22. Bxe6+ Rxe6 23. Bf4 Qc6 24. Qc2 Rfe8 25. Qd2 Qb5 26. Rxe6 Rxe6 27. Bg5 Bf6 28. Qf4 Qxb2 29. Rc1 Qxa2 30. Bxf6 Rxf6 31. Qc7+ Kg8 32. Qxc5 Kg7 33. Re1 Qb3 34. h4 b6 35. Qe7+ Rf7 36. Qe5+ Rf6 37. Qe8 Rf7 38. Qc8 Kh7 39. Re8 Qd1+ 40. Kg2 Qf3+ 0-1

[Event "CAN-op U1800"]
[Site "Sault Ste Marie CAN"]
[Date "2017.07.14"]
[Round "7.43"]
[White "Sadler, Kirk"]
[Black "Piche, Jeremie"]
[Result "0-1"]
[WhiteElo "1422"]
[BlackElo "1686"]
[WhiteFideId "-1"]
[WhiteFideId "-1"]
[PlyCount "58"]
[GameId "2160767908344177"]
[EventDate "2017.07.08"]
[EventType "swiss"]
[EventRounds "9"]
[EventCountry "CAN"]
[SourceTitle "hb 2017"]

1. e4 c5 2. Nf3 d6 3. d4 cxd4 4. Nxd4 Nf6 5. Nc3 a6 6. f3 e5 7. Nb3 Be7 8. Be3 O-O 9. g4 b5 10. Qd2 Bb7 11. g5 Nh5 12. Rg1 Nd7 13. Bh3 Nb6 14. Na5 Bc8 15. Nc6 Nc4 16. Bxc8 Nxd2 17. Nxd8 Nxf3+ 18. Kf2 Nxg1 19. Nc6 Raxc8 20. Nxe7+ Kh8 21. Nxc8 Nh3+ 22. Kf3 Rxc8 23. Rd1 b4 24. Nd5 Rxc2 25. Nxb4 Rxb2 26. Rxd6 g6 27. Rd8+ Kg7 28. Bc5 Nxg5+ 29. Ke3 Ne6 0-1

[Event "CAN-op U1800"]
[Site "Sault Ste Marie CAN"]
[Date "2017.07.14"]
[Round "7.44"]
[White "Makarczyk, David"]
[Black "Essery, Richard"]
[Result "1-0"]
[WhiteElo "1414"]
[BlackElo "1630"]
[WhiteFideId "-1"]
[WhiteFideId "-1"]
[PlyCount "41"]
[GameId "2160767908344178"]
[EventDate "2017.07.08"]
[EventType "swiss"]
[EventRounds "9"]
[EventCountry "CAN"]
[SourceTitle "hb 2017"]

1. e4 c5 2. Nc3 e6 3. f4 Nc6 4. Nf3 d5 5. exd5 exd5 6. d4 Nf6 7. Bb5 a6 8. Bxc6+ bxc6 9. O-O cxd4 10. Re1+ Be7 11. Nxd4 Qc7 12. Qe2 c5 13. Nc6 Ne4 14. Nxd5 Qxc6 15. Qxe4 Be6 16. Nxe7 Qxe4 17. Rxe4 Kxe7 18. f5 Rhd8 19. fxe6 Rd1+ 20. Kf2 fxe6 21. Bg5+ 1-0

[Event "CAN-op U1800"]
[Site "Sault Ste Marie CAN"]
[Date "2017.07.14"]
[Round "7.45"]
[White "Xie, Austin"]
[Black "McGilly, Craig"]
[Result "1-0"]
[WhiteElo "1348"]
[BlackElo "1524"]
[WhiteFideId "-1"]
[WhiteFideId "-1"]
[PlyCount "157"]
[GameId "2160767908344179"]
[EventDate "2017.07.08"]
[EventType "swiss"]
[EventRounds "9"]
[EventCountry "CAN"]
[SourceTitle "hb 2017"]

1. e4 a6 2. d4 b5 3. Bf4 Bb7 4. Bd3 e6 5. Nd2 c5 6. c3 Nf6 7. Ngf3 Nc6 8. Rc1 Ne7 9. dxc5 Ng6 10. Be3 Qc7 11. b4 Be7 12. h3 Bc6 13. Nd4 Bb7 14. O-O Nf4 15. Bb1 h6 16. Qf3 g5 17. Ne2 Ng6 18. Qg3 Qe5 19. Qxe5 Nxe5 20. Bd4 Ng6 21. f3 Nf4 22. Nxf4 gxf4 23. Kf2 Rg8 24. c4 Nh5 25. cxb5 axb5 26. Nb3 Bh4+ 27. Kg1 Ke7 28. Rfd1 Ng3 29. Rd2 Bc6 30. Na5 Rac8 31. Rcd1 Rg5 32. Bf2 Rc7 33. Nxc6+ dxc6 34. Bd3 e5 35. Bf1 f5 36. Bxg3 fxg3 37. exf5 Rxf5 38. Bd3 Rf4 39. Be4 Bg5 40. Rb2 Rf8 41. Rd3 Rd8 42. Kf1 Rd4 43. Ke2 Kd8 44. Rxd4+ exd4 45. Kd3 Be3 46. Rb3 Kc8 47. Ra3 Kb7 48. Ra5 Kb8 49. Ra6 Ra7 50. Rb6+ Kc8 51. Rxc6+ Kd8 52. Bd5 Ra3+ 53. Bb3 Ra7 54. Rg6 Bf4 55. Rg8+ Kc7 56. Rg7+ Kb8 57. Rxa7 Kxa7 58. Kxd4 Bd2 59. a4 bxa4 60. Bxa4 Bxb4 61. c6 Bd6 62. Kd5 Bc7 63. Ke6 Kb6 64. Kd7 Bb8 65. Bc2 Bf4 66. Be4 Be5 67. Ke6 Bf4 68. Kf5 Be3 69. f4 Kc7 70. Ke5 Bc1 71. f5 Ba3 72. Ke6 Kd8 73. f6 Bc5 74. f7 Bf8 75. Kf6 Kc7 76. Kg6 Kd8 77. Kh7 h5 78. Kg8 Bc5 79. f8=Q+ 1-0

[Event "CAN-op U1800"]
[Site "Sault Ste Marie CAN"]
[Date "2017.07.14"]
[Round "7.46"]
[White "McNichol, Paul"]
[Black "Gillanders, Robert"]
[Result "0-1"]
[WhiteElo "1556"]
[BlackElo "1741"]
[WhiteFideId "-1"]
[WhiteFideId "-1"]
[PlyCount "132"]
[GameId "2160767908344180"]
[EventDate "2017.07.08"]
[EventType "swiss"]
[EventRounds "9"]
[EventCountry "CAN"]
[SourceTitle "EXT 2022"]
[Source "ChessBase"]
[SourceDate "2021.10.06"]
[SourceVersion "1"]
[SourceVersionDate "2021.10.06"]
[SourceQuality "1"]

1. e4 e6 2. d4 d5 3. Nd2 c5 4. exd5 exd5 5. Ngf3 Nc6 6. Bb5 Bd6 7. dxc5 Bxc5 8. O-O Nge7 9. Nb3 Bd6 10. Bg5 f6 11. Bh4 O-O 12. Bg3 Bg4 13. Be2 Bxg3 14. hxg3 Qb6 15. Nfd4 Bxe2 16. Nxe2 Rad8 17. Ned4 Ne5 18. Re1 Rd6 19. f4 N5c6 20. Kf1 Nxd4 21. Qxd4 Qb5+ 22. Qd3 Qxd3+ 23. cxd3 Nc6 24. a3 Kf7 25. f5 b6 26. Re2 Re8 27. Rae1 Rxe2 28. Rxe2 a5 29. a4 h5 30. Kf2 g6 31. fxg6+ Kxg6 32. d4 f5 33. Kf3 Kg5 34. Re8 Rg6 35. Re1 Nb4 36. Re2 Rc6 37. Re8 Rc2 38. Rg8+ Kf6 39. Rf8+ Kg6 40. Rd8 Rxb2 41. Rd6+ Kg5 42. Nc1 Rb1 43. Ne2 Rb3+ 44. Kf2 Nd3+ 45. Kf3 Nf4+ 46. Kf2 Nxe2 47. Kxe2 Rxg3 48. Kf1 Ra3 49. Rxb6 Rxa4 50. Rb5 Rxd4 51. Rxa5 Kf4 52. Ra3 Kg4 53. Ke2 h4 54. Rb3 Re4+ 55. Kf2 d4 56. Ra3 Kf4 57. Rd3 Ke5 58. Ra3 Rg4 59. Rb3 Ke4 60. Ra3 Rg3 61. Ra4 Rb3 62. Kg1 Ke3 63. Ra2 d3 64. Rf2 Rb1+ 65. Rf1 Rxf1+ 66. Kxf1 d2 0-1

[Event "CAN-op U1800"]
[Site "Sault Ste Marie CAN"]
[Date "2017.07.14"]
[Round "7.47"]
[White "Jones, Avery"]
[Black "Schmiege, Glen"]
[Result "0-1"]
[Annotator ",Microsoft"]
[WhiteElo "1392"]
[BlackElo "1721"]
[WhiteFideId "-1"]
[WhiteFideId "-1"]
[PlyCount "76"]
[GameId "2160767739837710"]
[EventDate "2017.07.08"]
[EventType "swiss"]
[EventRounds "9"]
[EventCountry "CAN"]
[SourceTitle "hb 2017"]

1. d4 d5 2. Nf3 Nf6 3. Bf4 e6 4. e3 Bd6 5. Bg3 Bxg3 6. hxg3 Nc6 7. c3 Bd7 8. Nbd2 Qe7 9. Bd3 O-O-O 10. a4 e5 11. Bb5 exd4 12. Bxc6 Bxc6 13. Nxd4 Bd7 14. b4 Ne4 15. Nxe4 Qxe4 16. Kf1 g5 17. b5 Kb8 18. Kg1 Qg6 19. a5 f5 20. Rb1 f4 21. exf4 gxf4 22. Qb3 fxg3 23. Nc6+ Bxc6 24. bxc6 gxf2+ 25. Kxf2 Qxc6 26. Kg1 Rd6 27. Rh4 Kc8 28. Kh1 b6 29. axb6 axb6 30. Rg1 Rg6 31. Rh2 Kd7 32. Rd1 Kd6 33. Rh5 Kd7 34. Rhxd5+ Rd6 35. c4 Rxd5 36. Rxd5+ Kc8 37. Qc3 Rd8 38. Qh3+ Rd7 {Time.} 0-1

[Event "CAN-op U1800"]
[Site "Sault Ste Marie CAN"]
[Date "2017.07.14"]
[Round "7.48"]
[White "Thomson, Bruce"]
[Black "Jacobs, Michael"]
[Result "0-1"]
[WhiteElo "1371"]
[BlackElo "1603"]
[WhiteFideId "-1"]
[WhiteFideId "-1"]
[PlyCount "106"]
[GameId "2160767908344181"]
[EventDate "2017.07.08"]
[EventType "swiss"]
[EventRounds "9"]
[EventCountry "CAN"]
[SourceTitle "hb 2017"]

1. d4 Nf6 2. c4 c5 3. d5 e6 4. Nc3 g6 5. dxe6 dxe6 6. Qxd8+ Kxd8 7. Bg5 Bg7 8. g3 Ke7 9. Ne4 Nbd7 10. Bg2 h6 11. Bxf6+ Bxf6 12. Nxf6 Nxf6 13. Nf3 Rd8 14. O-O Rb8 15. Rad1 Rxd1 16. Rxd1 b6 17. Ne5 Bb7 18. Bxb7 Rxb7 19. Nc6+ Kf8 20. f3 Nd7 21. f4 Rc7 22. Ne5 Nxe5 23. fxe5 Ke7 24. Kf2 Rd7 25. Rd3 Kd8 26. Ke3 Ke7 27. Ke4 Rb7 28. b3 a6 29. a4 b5 30. cxb5 axb5 31. axb5 Rxb5 32. Rc3 Kd7 33. Kd3 Kc6 34. h4 Kd5 35. e4+ Kxe5 36. Kc4 Ra5 37. Re3 g5 38. hxg5 hxg5 39. b4 cxb4 40. Kxb4 Ra8 41. Kc4 Rd8 42. Kc3 Rd4 43. Rf3 f6 44. Rxf6 Rxe4 45. Rf3 g4 46. Rd3 Re2 47. Rd4 Re3+ 48. Rd3 Ke4 49. Rxe3+ Kxe3 50. Kc2 Kf3 51. Kd1 Kxg3 52. Ke1 Kg2 53. Ke2 Kg1 0-1

[Event "CAN-op U1800"]
[Site "Sault Ste Marie CAN"]
[Date "2017.07.14"]
[Round "7.49"]
[White "Benggawan, Undriadi"]
[Black "Sztuka, Jeremy"]
[Result "1-0"]
[WhiteElo "1639"]
[BlackElo "1526"]
[WhiteFideId "-1"]
[WhiteFideId "-1"]
[PlyCount "65"]
[GameId "2160767908344182"]
[EventDate "2017.07.08"]
[EventType "swiss"]
[EventRounds "9"]
[EventCountry "CAN"]
[SourceTitle "hb 2017"]

1. d4 b6 2. Bg5 Bb7 3. e3 h6 4. Bh4 Nf6 5. Bxf6 exf6 6. Nf3 Nc6 7. c3 g6 8. Bd3 Bg7 9. Nbd2 O-O 10. Qc2 Re8 11. O-O-O a5 12. a4 d5 13. h4 Ba6 14. h5 Bxd3 15. Qxd3 g5 16. Nh2 Qd7 17. g4 Na7 18. Qc2 b5 19. Nb3 Reb8 20. Nc5 Qc6 21. Kd2 bxa4 22. Nxa4 Bf8 23. Nf1 Qc4 24. Ng3 c5 25. Nf5 cxd4 26. exd4 Qb3 27. Rhe1 Qxc2+ 28. Kxc2 Re8 29. Nb6 Rxe1 30. Rxe1 Rd8 31. Ne3 Re8 32. Nbxd5 Nc8 33. Nxf6+ 1-0

[Event "CAN-op U1800"]
[Site "Sault Ste Marie CAN"]
[Date "2017.07.14"]
[Round "7.50"]
[White "Piche, Zachary"]
[Black "Clarke, Brian"]
[Result "0-1"]
[WhiteElo "1456"]
[BlackElo "1690"]
[WhiteFideId "-1"]
[WhiteFideId "-1"]
[PlyCount "132"]
[GameId "2160767908344183"]
[EventDate "2017.07.08"]
[EventType "swiss"]
[EventRounds "9"]
[EventCountry "CAN"]
[SourceTitle "hb 2017"]

1. d4 d6 2. c4 Nf6 3. Nc3 c6 4. e4 Qa5 5. Bd3 e5 6. d5 Be7 7. f4 Nbd7 8. Nf3 Nc5 9. fxe5 Nfxe4 10. Bxe4 Nxe4 11. Qc2 Bf5 12. Qb3 Nc5 13. Qd1 Nd3+ 14. Kf1 Qc5 15. Qe2 dxe5 16. Nxe5 Nxe5 17. Qxe5 Bd3+ 18. Ne2 f6 19. Qe3 Bxc4 20. Qxc5 Bxc5 21. dxc6 bxc6 22. Bf4 g5 23. Bg3 Kf7 24. Rc1 Bxe2+ 25. Kxe2 Rhe8+ 26. Kd3 Rad8+ 27. Kc4 Bd4 28. b3 Re2 29. Rhd1 Bb6 30. Rxd8 Bxd8 31. a4 Bb6 32. Kb4 c5+ 33. Kb5 Rxg2 34. a5 Bd8 35. Kxc5 Bxa5 36. b4 Bb6+ 37. Kb5 f5 38. Bb8 f4 39. Ka6 Rxh2 40. Bxa7 Bxa7 41. Kxa7 Ra2+ 42. Kb6 Rb2 43. Kc5 Kf6 44. b5 h5 45. b6 Kf5 46. Kc6 g4 47. b7 g3 48. Ra1 Kg4 49. Ra2 Rb1 50. Ra1 Rxb7 51. Kxb7 g2 52. Kc6 f3 53. Kd5 f2 54. Ke4 f1=Q 55. Rxf1 gxf1=Q 56. Ke3 Qf4+ 57. Ke2 Qf3+ 58. Kd2 Kf4 59. Kc2 Ke4 60. Kb2 Kd4 61. Kc2 Qe2+ 62. Kb3 Qc4+ 63. Kb2 Qc3+ 64. Kb1 Qd2 65. Ka1 Kc3 66. Kb1 Qb2# 0-1

[Event "CAN-op U1800"]
[Site "Sault Ste Marie CAN"]
[Date "2017.07.15"]
[Round "8.33"]
[White "Orozco, Joey"]
[Black "Huang, Youhe"]
[Result "1-0"]
[WhiteElo "1740"]
[BlackElo "1448"]
[WhiteFideId "-1"]
[WhiteFideId "-1"]
[PlyCount "97"]
[GameId "2160767908344184"]
[EventDate "2017.07.08"]
[EventType "swiss"]
[EventRounds "9"]
[EventCountry "CAN"]
[SourceTitle "hb 2017"]

1. c4 Nf6 2. Nc3 c6 3. d4 d5 4. cxd5 cxd5 5. Nf3 Bf5 6. e3 a6 7. Qb3 Bc8 8. Bd2 Nc6 9. Na4 Na5 10. Qb6 Nc6 11. Rc1 Qxb6 12. Nxb6 Rb8 13. Bxa6 bxa6 14. Rxc6 Bb7 15. Rc2 e6 16. O-O Bd6 17. Ne5 Bxe5 18. dxe5 Nd7 19. Nxd7 Kxd7 20. f4 Rbc8 21. Rxc8 Rxc8 22. Bc3 g6 23. g4 h5 24. gxh5 gxh5 25. Kf2 Rg8 26. Rg1 Rxg1 27. Kxg1 Bc6 28. Kf2 Bb5 29. Kg3 Bd3 30. Kh4 Be2 31. Kg5 Bg4 32. a4 Ke7 33. Bb4+ Ke8 34. Bc5 f6+ 35. Kxf6 Kd7 36. Bf8 Bf5 37. h4 Bg4 38. Kg5 Ke8 39. Ba3 Kd7 40. Bc5 Ke8 41. b4 Kd7 42. b5 axb5 43. axb5 Kc7 44. b6+ Kc6 45. f5 Bxf5 46. Kxh5 Bd3 47. Kg5 Ba6 48. Bd4 Kd7 49. Kf6 1-0

[Event "CAN-op U1800"]
[Site "Sault Ste Marie CAN"]
[Date "2017.07.15"]
[Round "8.34"]
[White "Wang, Kai"]
[Black "Zhao, Jeffrey Renfei"]
[Result "0-1"]
[WhiteElo "1679"]
[BlackElo "1525"]
[WhiteFideId "-1"]
[WhiteFideId "-1"]
[PlyCount "49"]
[GameId "2160767908344185"]
[EventDate "2017.07.08"]
[EventType "swiss"]
[EventRounds "9"]
[EventCountry "CAN"]
[SourceTitle "EXT 2022"]
[Source "ChessBase"]
[SourceDate "2021.10.06"]
[SourceVersion "1"]
[SourceVersionDate "2021.10.06"]
[SourceQuality "1"]

1. e4 e5 2. Bc4 Nc6 3. Nf3 Bc5 4. c3 Nf6 5. d3 d6 6. Bb3 O-O 7. Nbd2 Be6 8. Bc2 d5 9. Qe2 Re8 10. h3 Qd6 11. exd5 Bxd5 12. Ne4 Nxe4 13. dxe4 Be6 14. O-O h6 15. b4 Bb6 16. a4 a6 17. Ba3 Qd8 18. b5 axb5 19. axb5 Na5 20. Nxe5 Qf6 21. Qh5 Nc4 22. Nxc4 Bxc4 23. Qd1 Bxf1 24. Qxf1 Qxc3 25. Qd3 0-1

[Event "CAN-op U1800"]
[Site "Sault Ste Marie CAN"]
[Date "2017.07.15"]
[Round "8.35"]
[White "Itkin, Victor"]
[Black "Supsup, Ferdinand"]
[Result "0-1"]
[WhiteElo "1761"]
[BlackElo "1739"]
[WhiteFideId "-1"]
[WhiteFideId "-1"]
[PlyCount "72"]
[GameId "2160767908344186"]
[EventDate "2017.07.08"]
[EventType "swiss"]
[EventRounds "9"]
[EventCountry "CAN"]
[SourceTitle "hb 2017"]

1. e4 c5 2. Nf3 g6 3. d4 cxd4 4. Nxd4 Nc6 5. Be3 Nf6 6. Nc3 Bg7 7. f3 O-O 8. Bc4 Qb6 9. Bb3 Nxe4 10. Nd5 Qa5+ 11. c3 Nf6 12. Nxc6 dxc6 13. Nxe7+ Kh8 14. Nxc8 Raxc8 15. O-O Rcd8 16. Qc2 Nd5 17. Bd2 f5 18. Rfe1 f4 19. Kh1 Qc5 20. Bxd5 Rxd5 21. Rad1 Qf2 22. Rf1 Qe2 23. Rfe1 Qa6 24. c4 Rdf5 25. Bc3 Kg8 26. Re7 R5f7 27. Bxg7 Kxg7 28. Qc3+ Kh6 29. Rxf7 Rxf7 30. a3 Qa4 31. Rd4 c5 32. Rd5 Re7 33. g4 Qe8 34. Kg2 Re2+ 35. Kh3 Qe7 36. b3 Qh4+ 0-1

[Event "CAN-op U1800"]
[Site "Sault Ste Marie CAN"]
[Date "2017.07.15"]
[Round "8.36"]
[White "Dagan, Alfred"]
[Black "Crnilovic, Grisha"]
[Result "1-0"]
[WhiteElo "1727"]
[BlackElo "1617"]
[WhiteFideId "-1"]
[WhiteFideId "-1"]
[PlyCount "53"]
[GameId "2160767908344187"]
[EventDate "2017.07.08"]
[EventType "swiss"]
[EventRounds "9"]
[EventCountry "CAN"]
[SourceTitle "hb 2017"]

1. e4 e5 2. Nf3 Nc6 3. Bb5 f5 4. d3 fxe4 5. dxe4 d6 6. O-O Nf6 7. Nc3 Be7 8. h3 Bd7 9. a3 h6 10. Nh4 Nd4 11. Bc4 Be6 12. Bxe6 Nxe6 13. Ng6 Rg8 14. Nd5 Nxd5 15. Qxd5 Qd7 16. Qxb7 Kf7 17. Nxe7 Kxe7 18. c3 g5 19. b4 h5 20. Qd5 Nf4 21. Bxf4 exf4 22. e5 c6 23. exd6+ Qxd6 24. Rfe1+ Kd7 25. Qf5+ Kc7 26. Rad1 Rgf8 27. Qa5+ 1-0

[Event "CAN-op U1800"]
[Site "Sault Ste Marie CAN"]
[Date "2017.07.15"]
[Round "8.37"]
[White "Belanger, Robin"]
[Black "Kuttner, Amos"]
[Result "0-1"]
[WhiteElo "1439"]
[BlackElo "1706"]
[WhiteFideId "-1"]
[WhiteFideId "-1"]
[PlyCount "104"]
[GameId "2160767908344188"]
[EventDate "2017.07.08"]
[EventType "swiss"]
[EventRounds "9"]
[EventCountry "CAN"]
[SourceTitle "hb 2017"]

1. e4 e5 2. Nf3 Nc6 3. Bc4 Be7 4. d4 d6 5. c3 Nf6 6. O-O O-O 7. Re1 Bg4 8. h3 Bxf3 9. Qxf3 exd4 10. Bf4 Ne5 11. Bxe5 dxe5 12. Nd2 c5 13. Rad1 Qd7 14. Qg3 b5 15. Bd5 Nxd5 16. exd5 f6 17. cxd4 cxd4 18. Qb3 Kh8 19. f4 Bd6 20. Nf3 Rae8 21. fxe5 fxe5 22. Ng5 Rf6 23. Qd3 g6 24. Rc1 Bb4 25. Ne4 Rf4 26. Rf1 Qxd5 27. Rxf4 exf4 28. Nf6 Qe5 29. Nxe8 Qxe8 30. Qxd4+ Kg8 31. Qxb4 Qe3+ 32. Kh2 Qxc1 33. Qxb5 Qc7 34. Qb3+ Kg7 35. Qc3+ Qxc3 36. bxc3 Kf6 37. g3 Ke5 38. c4 fxg3+ 39. Kxg3 a5 40. c5 Kd5 41. c6 Kxc6 42. Kg4 h6 43. Kf4 Kd5 44. h4 Kd4 45. a4 Kc4 46. Ke5 Kb4 47. Kf6 g5 48. h5 g4 49. Kg6 g3 50. Kxh6 g2 51. Kh7 g1=Q 52. h6 Qg5 0-1